| 000 | 00627nam a22001817a 4500 | ||
|---|---|---|---|
| 005 | 20240320091724.0 | ||
| 008 | 221219b ||||| |||| 00| 0 eng d | ||
| 040 | _cAL | ||
| 041 | _aEnglish | ||
| 082 |
_223 _a629.13255 _bINDI |
||
| 100 |
_aMinistry of Defence Government of India _9155540 |
||
| 245 | _aReport of the Committee On Fighter Aircraft Accidents Vol I Data Analyses Findings and Recommendations | ||
| 260 |
_aIndia _bMinistry of Defence Government of India _c1997 |
||
| 300 |
_a170 p. _bSB _c30x21.7 cm. |
||
| 650 |
_aCOFAA _966729 |
||
| 700 |
_aMINISTRY OF DEFENCE GOVERNMENT OF INDIA _966730 |
||
| 942 |
_2ddc _cGF |
||
| 999 |
_c225920 _d225920 |
||